000 00460nam a2200169Ia 4500
005 20250210055231.0
008 240331s9999 xx 000 0 und d
082 _bISI
_2285
_a305.4
245 0 _aWomen, Struggles and Strategies:
_bThird World Perspectives
260 _aRome;
_aSantiago
_bIsis International
_c1986
300 _a113 p.,
650 _aWomen
650 _aThird World Countries
650 _aFeminism
650 _aGrassroots Level
942 _cL
999 _c1665
_d1665